Job Flows and Plant Size Dynamics Traditional Measures and Alternative Econometric Techniques

Uložené v:
Podrobná bibliografia
Hlavný autor: Garibaldi, Pietro
Médium: Kniha
Jazyk:English
Vydavateľské údaje: Milano IGIER 1996
Vydanie:1. ed.
Edícia:Working Paper No. 99
Predmet:
Tagy: Pridať tag
Žiadne tagy, Buďte prvý, kto otaguje tento záznam!

MARC

LEADER 00000nam a2200000 4500
001 c021100
005 20221205125344.2
041 0 |a eng 
044 |a IT 
245 1 0 |a Job Flows and Plant Size Dynamics  |b Traditional Measures and Alternative Econometric Techniques  |c Pietro Garibaldi 
250 |a 1. ed. 
264 1 |a Milano  |b IGIER  |c 1996 
300 |a 26 s. 
490 1 |a Working Paper  |v No. 99 
830 0 |a Working Paper  |v No. 99 
610 2 0 |a pohyb síl pracovných 
610 2 0 |a podnik malý 
610 2 0 |a podnik stredný 
610 2 0 |a podnik veľký 
610 2 0 |a ekonometria 
610 2 0 |a tvorba práce 
610 2 0 |a miesta pracovné 
610 2 0 |a meranie práce 
610 2 0 |a meranie produktivity práce 
100 1 |a Garibaldi, Pietro